|
|
|
|
| LEADER |
00000cam a2200000 4500 |
| 001 |
vtls011901820 |
| 003 |
SK-MaSNL |
| 005 |
20260301052305.0 |
| 008 |
210701s2019 xo grf 000 1 hun |
| 015 |
|
|
|a SNBA2020/10
|
| 020 |
|
|
|a 9788097307417
|q (viazané)
|
| 035 |
|
|
|a urn:nbn:sk:snk-am00ffzo
|
| 035 |
|
|
|a urn:nbn:sk:snk-am3isc9
|
| 035 |
|
|
|a 96A56958-A1B9-40AB-8B7E-02DA79ABF898
|
| 040 |
|
|
|a SNK
|b slo
|c SNK
|e rda
|
| 041 |
1 |
|
|a hun
|h eng
|
| 044 |
|
|
|a xo
|c SK
|
| 072 |
|
7 |
|a 159.92
|x Vývinová psychológia. Psychológia osobnosti
|2 konspekt
|
| 080 |
|
|
|a 159.923
|2 2011
|
| 080 |
|
|
|a 17.024.4
|2 2011
|
| 080 |
|
|
|a 331.101.3
|2 2011
|
| 080 |
|
|
|a 159.947.5
|2 2011
|
| 080 |
|
|
|a 159.923.5
|2 2011
|
| 080 |
|
|
|a 159.9
|2 2011
|
| 080 |
|
|
|a 159.947
|2 2011
|
| 080 |
|
|
|a (035)
|2 2011
|
| 100 |
1 |
|
|a Hill, Napoleon,
|d 1883-1970
|4 aut
|9 99317
|
| 240 |
1 |
4 |
|a The law of success in sixteen lessons
|l Maďarsky
|
| 245 |
1 |
2 |
|a A siker törvénye tizenhat leckében
|b a világtörténelem első képzése a valódi filozófiáról, amelyre mindennemű személyes siker épül
|n I. kötet
|c Napoleon Hill ; fordította: Holbok Henrietta, Verestói Enikő, Vajda Éva
|
| 264 |
|
1 |
|a [Dunajská Streda]
|b Success Development s.r.o.
|c [2019]
|
| 264 |
|
4 |
|c ©2019
|
| 300 |
|
|
|a 306 strán
|c 22 cm
|
| 336 |
|
|
|a text
|b txt
|2 rdacontent
|
| 337 |
|
|
|a bez média
|b n
|2 rdamedia
|
| 338 |
|
|
|a zväzok
|b nc
|2 rdacarrier
|
| 500 |
|
|
|a Miesto vydania podľa NA ISBN
|
| 500 |
|
|
|a Preložené z angličtiny
|
| 650 |
0 |
7 |
|a psychológia osobnosti
|2 SNKPH
|9 3576
|
| 650 |
0 |
7 |
|a úspech
|2 SNKPH
|9 3804
|
| 650 |
0 |
7 |
|a profesný úspech
|2 SNKPH
|9 75111
|
| 650 |
0 |
7 |
|a motivácia
|2 SNKPH
|9 1779
|
| 650 |
0 |
7 |
|a sebavýchova
|2 SNKPH
|9 4290
|
| 650 |
0 |
7 |
|a Psychology of personality
|2 SNKPHeng
|9 317296
|
| 650 |
0 |
7 |
|a Succes
|2 SNKPHeng
|9 276243
|
| 650 |
0 |
7 |
|a Career success
|2 SNKPHeng
|9 311135
|
| 650 |
0 |
7 |
|a Motivation (psychology)
|2 SNKPHeng
|9 270854
|
| 650 |
0 |
7 |
|a Self-culture
|2 SNKPHeng
|9 317679
|
| 655 |
|
7 |
|a príručky
|2 SNKPH
|9 74364
|
| 655 |
|
7 |
|a Handbooks, manuals, etc.
|2 SNKPHeng
|9 90964
|
| 700 |
1 |
|
|a Holbok, Henrieta
|4 trl
|9 360879
|
| 700 |
1 |
|
|a Verestói, Enikő
|4 trl
|9 360880
|
| 700 |
1 |
|
|a Vajda, Éva
|4 trl
|9 360881
|
| 787 |
0 |
8 |
|i Faksimile diela:
|a Hill, Napoleon
|t The law of success in sixteen lessons
|d Meriden, Connecticut : The Ralston University Press, 1928
|
| 852 |
|
|
|a Slovenská národná knižnica
|
| 919 |
|
|
|a 978-80-973074-1-7
|
| 958 |
|
|
|a OND
|
| 958 |
|
|
|a LX
|
| 958 |
|
|
|a OP
|
| 968 |
|
|
|b ENG
|
| 999 |
|
|
|c 605521
|d 607451
|
| 952 |
|
|
|a SNK
|b SNK
|y PREZ
|7 0
|p 17A1392158
|o snkSC 186817/1
|i snk2019/29979
|8 0
|0 0
|1 0
|4 0
|d 2019-11-20
|f 1
|l 0
|r 2026-02-23 16:07:16
|w 2026-02-23
|
| 952 |
|
|
|a SNK
|b SNK
|y VYP
|7 0
|p 17A1392159
|o snkSC 186817/1 D1
|i snk2019/29980
|8 0
|0 0
|1 0
|4 0
|d 2019-11-20
|l 0
|r 2026-02-23 16:07:16
|w 2026-02-23
|